|
|
|
|
| LEADER |
00000nam0a2200000 4500 |
| 001 |
109832 |
| 005 |
20231031120201.0 |
| 035 |
|
|
|a (RuTPU)RU\TPU\book\118604
|
| 090 |
|
|
|a 109832
|
| 100 |
|
|
|a 20070214d2006 m y0rusy50 ca
|
| 101 |
0 |
|
|a rus
|
| 102 |
|
|
|a RU
|
| 105 |
|
|
|a y j 001zy
|
| 200 |
1 |
|
|a Экология человека
|e учебное пособие
|f М. П. Чубик
|g Томский политехнический университет
|
| 210 |
|
|
|a Томск
|c Изд-во ТПУ
|d 2006
|
| 215 |
|
|
|a 147 с.
|
| 225 |
1 |
|
|a Учебники Томского политехнического университета
|
| 320 |
|
|
|a Библиогр.: с. 143-144.
|
| 330 |
|
|
|a В учебном пособии в доступной форме представлен материал, включающий развитие экологии человека как научного направления; сведения о формировании человеческих экосистем, роли человека в биосфере. Показаны экологические проблемы народонаселения, роль демографических процессов в экологии человека, а также воздействие антропогенных факторов на окружающую среду. Пособие подготовлено на кафедре геоэкологии и геохимии Томского политехнического университета и предназначено для студентов"' специальности 013600 «Геоэкология» Института геологии и нефтегазового дела. Учебное пособие соответствует ГОС ВПО по экологии человека (2000 г.).
|
| 452 |
|
1 |
|0 (RuTPU)RU\TPU\book\176939
|t Экология человека
|o учебное пособие
|f М. П. Чубик
|g Томский политехнический университет (ТПУ)
|c Томск
|n Изд-во ТПУ
|d 2006
|s Учебники Томского политехнического университета
|a Чубик, Максим Петрович
|
| 610 |
1 |
|
|a человек
|
| 610 |
1 |
|
|a экология
|
| 610 |
1 |
|
|a учебные пособия
|
| 610 |
1 |
|
|a природа
|
| 610 |
1 |
|
|a человеческие экосистемы
|
| 610 |
1 |
|
|a урбоэкология
|
| 610 |
1 |
|
|a демографические процессы
|
| 610 |
1 |
|
|a окружающая среда
|
| 610 |
1 |
|
|a антропогенное воздействие
|
| 610 |
1 |
|
|a урбанизированная среда
|
| 610 |
1 |
|
|a города
|
| 610 |
1 |
|
|a население
|
| 675 |
|
|
|a 504.75(075.8)
|v 3
|
| 700 |
|
1 |
|a Чубик
|b М. П.
|c эколог
|c доцент Томского политехнического университета, кандидат медицинских наук
|f 1975-
|g Максим Петрович
|2 stltpush
|3 (RuTPU)RU\TPU\pers\30201
|
| 712 |
0 |
2 |
|a Томский политехнический университет
|z 1991-
|2 stltpush
|3 (RuTPU)RU\TPU\col\376
|
| 801 |
|
1 |
|a RU
|b 63413507
|c 20070214
|g PSBO
|
| 801 |
|
2 |
|a RU
|b 63413507
|c 20170330
|g PSBO
|
| 942 |
|
|
|c BK
|